1456 1402 1175 1043 1535 1966 1231 1976 1018 1734 1143 1022 1237 1341 1475 1922 1143 1512 1300 1966 1870 1426 1250 1277 1481 1636 1068 1202 1398 1975 1669 1804 1220 1131 1872 1357 1028 1841 1185 1546 1128 1289 1840 1503 1034 1111 1374 1515 1231 1115 1743 1843 1255 1049 1802 1106 1778 1128 1888 1856 1109 1626 1882 1078 1788 1215 1666 1302 1743 1361 1947 1476 1864 1342 1235 1674 1164 1829 1441 1159 1099 1759 1433 1686 1413 1720 1515 1084 1800 1129 1624 1379 1101 1835 1113 1771 1368 1979 1591 BCNSPRNW ULIB Ver.6.0+V

เปลี่ยนเป็นภาษาไทย

Change to English
 แสดงรายละเอียดบรรณานุกรม
  กลับหน้าหลัก

Brief Record : Get Marc (ISO 2709) : E-mail record : QR code < ปิดหน้าต่าง
LEADER : 00000nam 2200000uu 4500
001    13399123342
003     ULIB
008    140825s2548||||th 000 0 tha d
020    9741736428
099    วพ WQ100^bน276ค
100 0  นฤมล ภาณุเตชะ
245 00 ความสัมพันธ์ระหว่างปัจจัยคัดสรรกับพฤติกรรมส่งเสริมสุขภาพของหญิงตั้งครรภ์ที่มีภาวะความดันโลหิตสูงขณะตั้งครรภ์/^cนฤมล ภาณุเตชะ
260    กรุงเทพฯ:^bจุฬาลงกรณ์มหาวิทยาลัย,^c2548
300    179 หน้า
502    วิทยานิพนธ์(พย.ม.)สาขาวิชาการพยาบาลศาสตร์ จุฬาลงกรณ์มหาวิทยาลัย,^c2548
650  0 หญิงตั้งครรภ์ที่มีภาวะความดันโลหิตสูง
650  0 พฤติกรรมส่งเสริมสุขภาพหยิงตั้งครรภ์
945    ^p0^l0^i023424
945    ^p0^l0^i001477
945    ^p0^l0^i001490
999    ^aเกษร โพธิ์สุวรรณ
รายการนี้ยังไม่มีแท็ก
คุณยังไม่ได้ล็อกอิน คุณสามารถมีกิจกรรมร่วมกับเว็บไซต์ได้ แต่ต้องล็อกอินก่อน ::
  ล็อกอิน

รายการสื่อสารสนเทศ

ลำดับที่ ประเภท เลขเรียก/บาร์โค้ด สถานที่ สถานะ
1. วิทยานิพนธ์
วิทยานิพนธ์
วพ WQ100 น276ค ฉ.1 
  Barcode: 023424
ห้องสมุดวิทยาเขตสวรรค์ประชารักษ์
► วิทยานิพนธ์
บนชั้น
2. วิทยานิพนธ์
วิทยานิพนธ์
วพ WQ100 น276ค ฉ.2 
  Barcode: 001477
ห้องสมุดวิทยาเขตสวรรค์ประชารักษ์
► วิทยานิพนธ์
บนชั้น
3. วิทยานิพนธ์
วิทยานิพนธ์
วพ WQ100 น276ค ฉ.3 
  Barcode: 001490
ห้องสมุดวิทยาเขตสวรรค์ประชารักษ์
► วิทยานิพนธ์
บนชั้น

รายการใกล้เคียง
    ผู้แต่ง [นฤมล ภาณุเตชะ]

BibComment


ยังไม่เคยถูกคอมเมนท์

คอมเมนท์ทรัพยากรรายการนี้
  คอมเมนท์: ความสัมพันธ์ระหว่..


 Copyright 2026. Bcnsprnw @Library